000 00316nam a2200121 a 4500
008 100914s1968|||| d
100 1 _aDunajský, Martin
245 1 0 _aChceš byť diplomatom?
260 _bVydavateľstvo politickej literatúry
_aBratislava
_c1968
020 _c12
044 _axo
_cSK
041 _aslo
999 _c10288
_d10288